Bài tập địa lí 12 : Nâng cao
Cuốn sách gồm một hệ thống câu hỏi, bài tập ở nhiều dạng khác nhau như câu hỏi trắc nghiệm khách quan, bài tập tự luận, bài tập thực hành. Bài tập địa lý lớp 12 được biên soạn bám sát chương trình và SGK địa lý 12, với những kiến t...
Na minha lista:
| Autor principal: | |
|---|---|
| Formato: | Livro |
| Idioma: | Undetermined |
| Publicado em: |
Hà Nội
Giáo dục
2008
|
| Assuntos: | |
| Tags: |
Adicionar Tag
Sem tags, seja o primeiro a adicionar uma tag!
|
| Thư viện lưu trữ: | Trung tâm Học liệu Trường Đại học Cần Thơ |
|---|
| LEADER | 01048nam a2200229Ia 4500 | ||
|---|---|---|---|
| 001 | CTU_182580 | ||
| 008 | 210402s9999 xx 000 0 und d | ||
| 020 | |c 12700 | ||
| 082 | |a 910.76 | ||
| 082 | |b Th455 | ||
| 100 | |a Lê, Thông | ||
| 245 | 0 | |a Bài tập địa lí 12 : | |
| 245 | 0 | |b Nâng cao | |
| 245 | 0 | |c Lê Thông, Nguyễn Quý Thao, Phí Công Việt | |
| 260 | |a Hà Nội | ||
| 260 | |b Giáo dục | ||
| 260 | |c 2008 | ||
| 520 | |a Cuốn sách gồm một hệ thống câu hỏi, bài tập ở nhiều dạng khác nhau như câu hỏi trắc nghiệm khách quan, bài tập tự luận, bài tập thực hành. Bài tập địa lý lớp 12 được biên soạn bám sát chương trình và SGK địa lý 12, với những kiến thức và kỹ năng cần nắm vững. | ||
| 650 | |a Geography | ||
| 650 | |x Study and teaching (Secondary) | ||
| 904 | |i Tuyến | ||
| 980 | |a Trung tâm Học liệu Trường Đại học Cần Thơ | ||